000 00650nam a22001937a 4500
999 _c189532
_d189532
005 20220816110542.0
010 _aB-745306
020 _a9788194735939
_c150.00
035 _aB-745306
037 _bEmpty Canvas Publishers
100 _aClason, George S.
245 _aTHe Richest Man In Babylon/
_cGeorge S. Clason
250 _a2nd
260 _aNew Delhi
_bEmpty Canvas Publishers
_c2021
270 _a4435-36/7 , First Floor Ansari Road , Daryaganj
_bNew Delhi
_e110002
_memptycanvaspublishers.com
300 _a192p.
_c22cm(Pbk)
942 _2ddc
_cEN
_mCLA
_hS